000 00760 a2200217 4500
999 _c25828
_d25828
005 20190306153927.0
008 090302t xxu||||| |||| 00| 0 eng d
010 _aB-284489
020 _a9780552996709
_c(£3.95) 355.50
035 _aB-284489,B-212064
037 _bPansy
040 _aDPL
_bEnglish
082 _aN
100 _aDivakaruni, Chitra Banerjee
245 _aThe mistress of spices /
_cby Chitra Banerjee Divakaruni
260 _aLondon
_bBlack Swan
_c2005
270 _a61-63 Uxbridge Road
_bLondon
_eW5 5SA
300 _a317p.
_c20cm. (pbk)
942 _adpl
_cEN
_2ddc
_hN
_mDIV